| 000 | 00585nam a22001817a 4500 | ||
|---|---|---|---|
| 005 | 20251108172859.0 | ||
| 008 | 250721s2004 xx 000 0 ara d | ||
| 082 | 1 | 4 | _a133.6/هيب |
| 100 | 1 | _aهيبلر، آنا | |
| 245 | 1 | 0 | _aالابراج و قراءة الطالع - مفاهيم أولية - الأبراج الفلكية....................... / |
| 264 | 1 |
_aحلب : _bدار الرضوان، _c2004. |
|
| 300 | _a96 ص | ||
| 650 | 1 | 7 | _aالأبراج |
| 650 | 1 | 7 | _aالتنجيم |
| 700 | 1 |
_aحمود، كمال هاشم _etran. |
|
| 942 |
_2ddc _cBK |
||
| 999 |
_c90793 _d90793 |
||